[Event "CFriend CP-2005-P-00024"]
[Site "Chessfriend.com"]
[Date "2005.10.01"]
[Round "1"]
[White "Bernal Varela, Nelson"]
[Black "Obrien, Andrew"]
[Result "1-0"]
[WhiteElo "2172"]
[BlackElo "1716"]
[PlyCount "47"]
[EventDate "2005.??.??"]
[EventType "tourn (corr)"]
[EventRounds "4"]
[SourceTitle "Corr 2008"]
[Source "ChessBase"]
[SourceDate "2008.06.24"]
[SourceVersion "1"]
[SourceVersionDate "2008.06.24"]
[SourceQuality "1"]

1. e4 e5 2. Nf3 Nc6 3. Bb5 a6 4. Ba4 Nf6 5. 0-0 Be7 6. Re1 b5 7. Bb3 d6 8. c3 0-0 9. a4 Bg4 10. h3 Bh5 11. g4 Bg6 12. g5 Nh5 13. Bd5 Qd7 14. d4 Rad8 15. axb5 axb5 16. Nh4 exd4 17. Kg2 dxc3 18. bxc3 Ne5 19. f4 c6 20. Bb3 Nc4 21. f5 Ra8 22. Rxa8 Rxa8 23. fxg6 hxg6 24. e5 1-0

[Event "CFriend AT-2005-0-00309 email"]
[Site "Chessfriend.com"]
[Date "2005.09.30"]
[Round "1"]
[White "Obrien, Andrew"]
[Black "Maset, Antonio"]
[Result "1/2-1/2"]
[WhiteElo "1716"]
[BlackElo "1934"]
[PlyCount "32"]
[EventDate "2005.??.??"]
[EventType "tourn (corr)"]
[EventRounds "2"]
[SourceTitle "Corr 2024"]
[Source "ChessBase"]
[SourceDate "2023.10.19"]
[SourceVersion "1"]
[SourceVersionDate "2023.10.19"]
[SourceQuality "1"]

1. e4 e5 2. Nf3 Nc6 3. Bb5 a6 4. Ba4 Nf6 5. 0-0 b5 6. Bb3 Bc5 7. Nxe5 Nxe5 8. d4 Bxd4 9. Qxd4 d6 10. f4 Nc6 11. Qc3 Bb7 12. e5 Ne4 13. Qe1 Nd4 14. Nd2 Nxb3 15. axb3 Nxd2 16. Bxd2 0-0 1/2-1/2

[Event "CFriend AT-2005-0-00306 email"]
[Site "Chessfriend.com"]
[Date "2005.09.28"]
[Round "1"]
[White "Soule, Larry"]
[Black "Obrien, Andrew"]
[Result "1/2-1/2"]
[WhiteElo "1945"]
[BlackElo "1716"]
[PlyCount "72"]
[EventDate "2005.??.??"]
[EventType "tourn (corr)"]
[EventRounds "2"]
[SourceTitle "Corr 2024"]
[Source "ChessBase"]
[SourceDate "2023.10.19"]
[SourceVersion "1"]
[SourceVersionDate "2023.10.19"]
[SourceQuality "1"]

1. d4 Nf6 2. c4 e6 3. Nc3 Bb4 4. a3 Bxc3+ 5. bxc3 0-0 6. e3 d6 7. Bd3 e5 8. Ne2 e4 9. Bc2 Be6 10. Ng3 Bxc4 11. Nxe4 Nxe4 12. Bxe4 d5 13. Bd3 Bxd3 14. Qxd3 Qd6 15. 0-0 Qc6 16. a4 Re8 17. Ra2 a5 18. Bd2 Nd7 19. Rb1 Nb6 20. Qb5 Qe6 21. Qc5 Rac8 22. Be1 Qe4 23. Raa1 Re6 24. c4 Rg6 25. g3 Rf6 26. Rxb6 Rxb6 27. Qxd5 Qxd5 28. cxd5 Rd6 29. Bxa5 Rxd5 30. Bc3 Rd6 31. a5 Rc6 32. Ra3 Ra8 33. Kg2 f5 34. Kf3 Kf7 35. Kf4 h6 36. Kxf5 Rf6+ 1/2-1/2

[Event "CFriend AT-2005-0-00304 email"]
[Site "Chessfriend.com"]
[Date "2005.09.27"]
[Round "1"]
[White "Obrien, Andrew"]
[Black "Tavani, Alberto"]
[Result "0-1"]
[WhiteElo "1716"]
[BlackElo "1966"]
[PlyCount "32"]
[EventDate "2005.??.??"]
[EventType "tourn (corr)"]
[EventRounds "2"]
[SourceTitle "Corr 2024"]
[Source "ChessBase"]
[SourceDate "2023.10.19"]
[SourceVersion "1"]
[SourceVersionDate "2023.10.19"]
[SourceQuality "1"]

1. e4 e5 2. Nf3 Nc6 3. Bb5 a6 4. Ba4 d6 5. d4 b5 6. Bb3 Nxd4 7. Nxd4 exd4 8. Bd5 Rb8 9. Qxd4 Nf6 10. 0-0 Be7 11. Qa7 Bd7 12. Qxa6 0-0 13. Re1 c6 14. Bb3 Qc7 15. Qa3 Rfe8 16. Bf4 Ra8 0-1

[Event "CFriend AT-2005-0-00297 email"]
[Site "Chessfriend.com"]
[Date "2005.09.23"]
[Round "1"]
[White "Dehaybe, Andre"]
[Black "Obrien, Andrew"]
[Result "1-0"]
[WhiteElo "1925"]
[BlackElo "1716"]
[PlyCount "35"]
[EventDate "2005.??.??"]
[EventType "tourn (corr)"]
[EventRounds "2"]
[SourceTitle "Corr 2024"]
[Source "ChessBase"]
[SourceDate "2023.10.19"]
[SourceVersion "1"]
[SourceVersionDate "2023.10.19"]
[SourceQuality "1"]

1. f4 d5 2. e3 Nf6 3. Be2 d4 4. Nf3 dxe3 5. d4 Nd5 6. 0-0 Nxf4 7. Bxe3 Nd5 8. Bg5 Nd7 9. c4 N5f6 10. Nc3 e6 11. Qc2 h6 12. Bf4 Bd6 13. Ne5 0-0 14. Rad1 Nxe5 15. dxe5 Bc5+ 16. Kh1 Nd7 17. Ne4 Be7 18. Bxh6 1-0

[Event "CFriend AT-2005-0-00297 email"]
[Site "Chessfriend.com"]
[Date "2005.09.23"]
[Round "1"]
[White "Obrien, Andrew"]
[Black "Dehaybe, Andre"]
[Result "1/2-1/2"]
[WhiteElo "1716"]
[BlackElo "1925"]
[PlyCount "53"]
[EventDate "2005.??.??"]
[EventType "tourn (corr)"]
[EventRounds "2"]
[SourceTitle "Corr 2024"]
[Source "ChessBase"]
[SourceDate "2023.10.19"]
[SourceVersion "1"]
[SourceVersionDate "2023.10.19"]
[SourceQuality "1"]

1. e4 e5 2. Nf3 Nc6 3. d4 exd4 4. Nxd4 Bc5 5. Nb3 Bb6 6. Bd3 d6 7. 0-0 Qh4 8. N1d2 Bg4 9. Nf3 Qh5 10. Nbd2 Nf6 11. h3 Be6 12. Nc4 Bxc4 13. Bxc4 0-0 14. Bd3 Rae8 15. Re1 Re6 16. Bd2 h6 17. c3 Rfe8 18. Qc2 Ne5 19. Nxe5 Qxe5 20. Be3 Bxe3 21. Rxe3 c6 22. Qb3 R6e7 23. Qb4 a5 24. Qd4 Kf8 25. Rae1 h5 26. Qb6 h4 27. Rd1 1/2-1/2

[Event "CFriend AP-2005-Q-00012 email"]
[Site "Chessfriend.com"]
[Date "2005.05.30"]
[Round "1"]
[White "Obrien, Andrew"]
[Black "Korkmaz, Cuneyt"]
[Result "1-0"]
[WhiteElo "1716"]
[BlackElo "1258"]
[PlyCount "83"]
[EventDate "2005.??.??"]
[EventType "tourn (corr)"]
[EventRounds "12"]
[SourceTitle "Corr 2024"]
[Source "ChessBase"]
[SourceDate "2023.10.19"]
[SourceVersion "1"]
[SourceVersionDate "2023.10.19"]
[SourceQuality "1"]

1. d4 Nf6 2. Bg5 h6 3. Bf4 Nc6 4. Nc3 g5 5. Bg3 d5 6. Nb5 e5 7. dxe5 Ne4 8. Qxd5 Nxg3 9. Qxd8+ Kxd8 10. hxg3 Bd7 11. 0-0-0 Nxe5 12. e3 Ng4 13. Rd2 a6 14. Nd4 c5 15. Ndf3 Bg7 16. Bc4 Rf8 17. Ne1 Kc7 18. Nd3 Bc6 19. Nxc5 Bxg2 20. Rh5 Bc6 21. Nb3 Rad8 22. Bd3 Rfe8 23. Na5 Bd5 24. Nb3 Rd6 25. Bf5 Bxb3 26. Rxd6 Kxd6 27. Bxg4 Bxa2 28. b3 Re4 29. Bf5 Re5 30. g4 Rc5 31. Kd2 a5 32. Ne2 a4 33. bxa4 Rc4 34. a5 Ra4 35. Nd4 Bd5 36. c4 Bxc4 37. Bc2 Ra2 38. Nf5+ Kd7 39. Nxg7 Bb3 40. Kc3 Bxc2 41. f4 gxf4 42. exf4 1-0

[Event "CFriend AT-2004-0-00090 email"]
[Site "Chessfriend.com"]
[Date "2004.08.14"]
[Round "1"]
[White "Spanton, Timothy"]
[Black "Obrien, Andrew"]
[Result "1-0"]
[WhiteElo "2096"]
[BlackElo "1716"]
[PlyCount "59"]
[EventDate "2004.??.??"]
[EventType "tourn (corr)"]
[EventRounds "2"]
[SourceTitle "Corr 2024"]
[Source "ChessBase"]
[SourceDate "2023.10.19"]
[SourceVersion "1"]
[SourceVersionDate "2023.10.19"]
[SourceQuality "1"]

1. d4 Nf6 2. c4 e6 3. Nc3 Bb4 4. Bd2 d5 5. e3 0-0 6. Nf3 Nc6 7. a3 Bxc3 8. Bxc3 Ne4 9. Rc1 Bd7 10. Bd3 Nxc3 11. Rxc3 dxc4 12. Rxc4 Ne7 13. Rc5 Bc6 14. 0-0 f6 15. Qc2 g6 16. e4 Qd6 17. Rc1 Rad8 18. h4 Qf4 19. Re1 Kg7 20. b4 a6 21. a4 Rc8 22. Rc1 f5 23. Ng5 Bd7 24. g3 Qd6 25. Qb2 c6 26. d5+ Kg8 27. dxe6 Qxd3 28. R5c4 Qd6 29. Rd4 Nd5 30. exd7 1-0